| 000 | 00750cam a22002291 4500 | ||
|---|---|---|---|
| 001 | 7958478 | ||
| 003 | OSt | ||
| 005 | 20230623101303.0 | ||
| 008 | 760526s1959 at a b 001 0 eng | ||
| 010 | _a 60020881 | ||
| 035 | _a(OCoLC)2195547 | ||
| 040 |
_aDLC _cNRU _dDLC |
||
| 042 | _apremarc | ||
| 082 |
_a328.94 _bMCM |
||
| 245 | 0 | 3 |
_aAn introduction to the Australian Federal Parliament. _bPrepared under instructions from Senator the Honourable Sir Alister McMullin, President of the Senate. |
| 260 |
_a[Sydney] _bAngus and Robertson _c[1959] |
||
| 300 |
_a198 p. _billus. _c23 cm. |
||
| 610 | 1 | 0 |
_aAustralia. _bParliament. |
| 610 | 1 | 0 |
_aAustralia. _bParliament. _bSenate. |
| 906 |
_a7 _bcbc _coclcrpl _du _encip _f19 _gy-gencatlg |
||
| 942 |
_2ddc _cBK |
||
| 999 |
_c2418 _d2418 |
||